Planovo stopanstvo

Uložené v:
Podrobná bibliografia
Médium: Seriál
Jazyk:Bulgarian
Vydavateľské údaje: Sofija Daržaven komitet za planirane 1977
Tagy: Pridať tag
Žiadne tagy, Buďte prvý, kto otaguje tento záznam!

MARC

LEADER 00000nas2a2200000 4500
001 s027229
005 20250730114136.8
041 0 |a bul 
044 |a BG 
245 1 0 |a Planovo stopanstvo 
264 1 |a Sofija  |b Daržaven komitet za planirane  |c 1977 
300 |a 1 zv. 
773 0 |w eu_un_cat*s121004